Statistiques concernant Top 10 meilleurs passeurs par franchise NBA

Cliquez ici pour prendre le quiz!

Statistiques générales

  • Ce quiz a été pris 148 fois
    (57 depuis la dernière actualisation)
  • Le résultat moyen est 115 sur 300

Statistiques - réponses

HintRéponse% Correct
1429Dell Curry
100%
5740Stephen Curry
100%
4796James Harden
96%
5012Michael Jordan
96%
1042David West
94%
1216Doug West
94%
6238Jerry West
94%
1980 | 6228LeBron James
94%
4494Scottie Pippen
94%
1848Mychal Thompson
92%
6897Russell Westbrook
92%
4023 | 4228Chris Paul
90%
6306Kobe Bryant
90%
4474Avery Johnson
88%
3486Dennis Johnson
88%
5310Dwayne Wade
88%
3207Eddie Johnson
88%
1961Frank Johnson
88%
2653Joe Johnson
88%
2363Kevin Durant
88%
6518Kevin Johnson
88%
1553Larry Johnson
88%
10141Magic Johnson
88%
3285Trae Young
88%
2661Vinnie Johnson
88%
4385Allen Iverson
86%
3011 | 4211 | 4620Jason Kidd
86%
2115Kyrie Irving
86%
2631Luka Doncic
86%
6829Tony Parker
86%
4100Bill Russell
84%
5151Damian Lillard
84%
1117D'Angelo Russell
84%
3651Dirk Nowitzki
84%
15806John Stockton
84%
4216Kevin Garnett
82%
3959Nikola Jokic
82%
2919 | 6997Steve Nash
82%
4225Tim Duncan
82%
4233Draymond Green
80%
2639Marc Gasol
80%
1473Pau Gasol
80%
4159Rickey Green
80%
2516Derrick Rose
78%
2992Hakeem Olajuwon
78%
4277Kyle Lowry
78%
5695Larry Bird
78%
9061Isiah Thomas
76%
4001Manu Ginobili
76%
1419Paul George
76%
982Anthony Davis
74%
950 | 1398 | 1605Baron Davis
74%
4524Brad Davis
74%
1719Johnny Davis
74%
3340Walter Davis
74%
1115Chris Bosh
72%
2441David Robinson
72%
2452De'Aaron Fox
72%
1830Ja Morant
72%
5282John Wall
72%
4305Paul Pierce
72%
4474Rajon Rondo
72%
2078DeMar Derozan
70%
2521Devin Booker
70%
2343Penny Hardaway
70%
2867 | 3926Tim Hardaway
70%
1553 | 1762Vince Carter
70%
2094Alvin Robertson
68%
2015 | 2978Andre Miller
68%
2133Blake Griffin
68%
6945Bob Cousy
68%
2972Bradley Beal
68%
1371Jimmy Butler
68%
2008 | 3652Kareem Abdul-Jabbar
68%
1351Mike Miller
68%
2156 | 7731Oscar Robertson
68%
4141Reggie Miller
68%
3379Giannis Antetokounmpo
66%
2833Jrue Holiday
64%
5085Karl Malone
64%
4509Mike Conley
64%
4933Clyde Drexler
62%
1804Elfrid Payton
62%
7384Gary Payton
62%
754Lonzo Ball
62%
1533Tracy McGrady
62%
1791Alvin Williams
60%
1707Darrell Walker
60%
2078 | 4003Deron Williams
60%
2115Foots Walker
60%
2865Gus Williams
60%
2069Jason Williams
60%
3308Kemba Walker
60%
1239Micheal Williams
60%
2260Ray Williams
60%
3224Julius Erving
58%
2321Dominique Wilkins
56%
2596Khris Middleton
56%
2984Chauncey Billups
52%
3650Elgin Baylor
52%
1626Karl-Anthony Towns
52%
2369Bob Pettit
48%
6114John Havlicek
48%
3679Alex English
46%
3146Chris Mullin
46%
1892C.J. McCollum
46%
1152Eddie Jones
46%
4612Joe Dumars
46%
2908K.C. Jones
46%
2457Kenny Smith
46%
3498Randy Smith
46%
1285Tyus Jones
46%
1299Evan Fournier
44%
2199Fred VanVleet
44%
1124Brandon Ingram
42%
1402 | 3294 | 4005Mark Jackson
42%
1656Pascal Siakam
42%
4791Walt Frazier
42%
1521Nicolas Batum
40%
3247Rick Barry
40%
3822Wes Unseld
38%
2991Andre Iguodala
36%
726Eric Gordon
36%
2524Jason Terry
36%
3686Jo Jo White
36%
4206Mark Price
36%
1085Zach Randolph
36%
2070George Gervin
34%
2720Grant Hill
34%
2791James Worthy
34%
1668Nikola Vucevic
34%
1844Pete Maravich
32%
3424Ricky Rubio
32%
4012Alvan Adams
30%
5111Derek Harper
30%
3160Fred Brown
30%
1844 | 2181Michael Adams
30%
1463Ron Harper
30%
1675 | 2580Mike Bibby
28%
2828Dave Cowens
26%
2593Kevin Porter
26%
5319Terry Porter
26%
2046Gilbert Arenas
24%
2034Goran Dragic
24%
2269Sam Cassell
24%
1840Toni Kukoc
24%
3866Doc Rivers
22%
1762Gordon Hayward
22%
2128Mitch Richmond
22%
2689Sidney Moncrief
22%
3566Fat Lever
20%
2070Nate Thurmond
20%
2419Richard Hamilton
20%
1429Bam Adebayo
18%
2028Brad Daugherty
18%
2810Gary Grant
18%
2777 | 3049Lenny Wilkens
18%
6212Maurice Cheeks
18%
5557Muggsy Bogues
18%
2776Scott Skiles
18%
2411Steve Francis
18%
1702Adrian Dantley
16%
1919Andrei Kirilenko
16%
2256Bob Lanier
16%
1804Dan Issel
16%
1473Devin Harris
16%
2394John Starks
16%
3770Jose Calderon
16%
2004Mario Chalmers
16%
3499Tiny Archibald
16%
2625Billy Cunningham
14%
4402Calvin Murphy
14%
4540Hal Greer
14%
2363Kenny Anderson
14%
1937Nick Anderson
14%
2573 | 2712Rod Strickland
14%
1139Tyreke Evans
14%
1874Willie Anderson
14%
3501Jameer Nelson
12%
1410 | 2244Micheal Ray Richardson
12%
1397 | 1973Pooh Richardson
12%
1697Spencer Dinwiddie
12%
1393 | 1398Stephon Marbury
12%
2863Gail Goodrich
10%
1927Hedo Turkoglu
10%
2771Jeff Teague
10%
2007Jim Paxson
10%
2358John Lucas
10%
2394John Paxson
10%
2047 | 2749Nick Van Exel
10%
2748Rolando Blackman
10%
2074Tayshaun Prince
10%
1820Austin Carr
8%
2533Bill Bradley
8%
1761 | 3018Damon Stoudamire
8%
2555Darrell Armstrong
8%
4330Dave Bing
8%
1895 | 2523Jeff Hornacek
8%
3666Michael Cooper
8%
2393Michael Finley
8%
1517Darren Collison
6%
1446Detlef Schrempf
6%
1248D.J. Augustin
6%
3072Dolph Schayes
6%
2965Eric Snow
6%
2345Jack Sikma
6%
3865Johnny Moore
6%
3811Kirk Hinrich
6%
2573Raymond Felton
6%
1486Richard Jefferson
6%
1700Sean Elliott
6%
1081Shareef Abdul-Rahim
6%
1956Bob Dandridge
4%
2250Bob Davies
4%
1497Brevin Knight
4%
2242Cliff Hagan
4%
1803Craig Ehlo
4%
2441J.J. Barea
4%
2213Joe Ingles
4%
3764Mookie Blaylock
4%
2540 | 3846Norm Nixon
4%
2429Paul Westphal
4%
1785Travis Best
4%
2745Ty Lawson
4%
2396Dick Van Arsdale
2%
1197Doug Christie
2%
4855Guy Rodgers
2%
2786Jamaal Tinsley
2%
1862Jay Humphries
2%
1762Jerome Kersey
2%
2038Lindsey Hunter
2%
2322Phil Ford
2%
2472 | 2809Reggie Theus
2%
2725Richie Guerin
2%
1681 | 2235Terrell Brandon
2%
4038Vern Fleming
2%
2483Al Attles
0%
3339Allen Leavell
0%
1764Bill Hanzlik
0%
1961Bimbo Coles
0%
2008Bo Weiss
0%
2479Brian Winters
0%
2821Carl Braun
0%
2451Charlie Ward
0%
1743Chuck Person
0%
1970Darwin Cook
0%
1911David Wesley
0%
2950Dick McGuire
0%
1457Ernie DiGregorio
0%
2057Geoff Petrie
0%
1063Greivis Vasquez
0%
2913Jeff Mullins
0%
2311John Bagley
0%
2363Kevin Loughery
0%
2901Larry Costello
0%
2409Larry Drew
0%
1805Luke Ridnour
0%
1756Mahmoud Abdul-Rauf
0%
2581Mike Newlin
0%
4893Nate McMillan
0%
3676Norm Van Lier
0%
3272Paul Pressey
0%
2335Paul Seymour
0%
2391Quinn Buckner
0%
2253Robert Reid
0%
3563Sam Lacey
0%
1262Sherman Douglas
0%
2363 | 2518Sleepy Floyd
0%
2274Slick Watts
0%
2007Tom Boerwinkle
0%
1190Wally Szczerbiak
0%

Distribution des résultats

Percentile par nombre de réponses

% des personnes avec chaque résultat

Votre développement - résultats

Vous n’avez pas pris ce quiz depuis la dernière actualisation